| 000 | 00655nam a2200133Ia 4500 | ||
|---|---|---|---|
| 008 | 171212s9999 xx 000 0 und d | ||
| 020 | _a9781760460860 | ||
| 245 |
_ceditor Stockwin, Arthur;Tamura, Keiko _aBridging Australia and Japan: Volume 1 _bThe writings of David Sissons, historian and political scientist |
||
| 260 |
_bANU E Press _c2016 |
||
| 440 | _aAsian Studies Series | ||
| 650 | _aHistory | ||
| 650 | _aSissons, D. C. S. (David Carlisle Stanley), 1925-2006; Emigration and immigration; International trade; Australia -- Relations -- Japan -- History; Japan -- Relations -- Australia -- History | ||
| 856 | _uhttp://jstor.org/stable/j.ctt1q1crmh | ||
| 999 |
_c351018 _d351018 |
||